MEDIAWAVE 2002 fénnyel teli napok

Bibliographic Details
Main Author: László, Krisztián 1979- (Author)
Format: Article
Language:Hungarian
ISSN:1335-7468
Subjects:

MARC

LEADER 00000nab a2200000 a 4500
001 vtls000801237
003 SK-MaSNL
005 20260319074848.0
008 160405c2002 xo 0 hun
015 |a SNBRB2002/07-22943 
035 |a CLN000152892 
040 |a SNKBUCL  |b slo  |c SNKBUCL  |e AACR2 
041 0 |a hun 
044 |a xo  |c SK 
080 |a 791.43.091.4:791.43.073  |2 1997 
080 |a 791.43.073  |2 1997 
100 1 |a László, Krisztián  |d 1979-  |4 aut  |9 845043 
245 1 0 |a MEDIAWAVE 2002  |b fénnyel teli napok  |c László Krisztián 
611 1 7 |a MEDIAWAVE  |d 2002  |c Dunajská Streda, Slovensko  |2 snkbucl  |9 845044 
651 7 |a 201  |2 snkbucl  |9 294639 
655 7 |a články z novín a časopisov  |2 snkbucl  |9 267496 
773 0 |x 1335-7468  |t Ifi  |g Roč. 12, č. 6 (2002), s. 38 
850 |a Slovenská národná knižnica v Martine 
852 |a SNK  |b KIS3GCP 
958 |a HU 
958 |a SK 
958 |a RBX 
999 |c 1362010  |d 1363940